Statistiques concernant Quiz Rappeurs Avec Leurs Dernier Projet

Cliquez ici pour prendre le quiz!

Statistiques générales

  • Ce quiz a été pris 69 fois
  • Le résultat moyen est 22 sur 34

Statistiques - réponses

Réponse% Correct
Bigflo & Oli
93%
Gazo
93%
PNL
93%
Ninho
91%
Naps
90%
Hamza
88%
Nekfeu
86%
Zola
86%
Luv Resval
81%
SDM
81%
JuL
79%
SCH
79%
Népal
78%
Favé
76%
La Fève
74%
Alpha Wann
72%
Josman
69%
Shay
69%
Dinos
67%
Koba La D
67%
Leto
67%
Tiakola
67%
Oboy
64%
Werenoi
64%
Booba
62%
PLK
59%
Kerchak
50%
Luther
36%
Ziak
36%
Bekar
33%
Khali
28%
Zamdane
28%
S.Pri Noir
19%
Beendo Z
16%

Distribution des résultats

Percentile par nombre de réponses

% des personnes avec chaque résultat

Votre développement - résultats

Vous n’avez pas pris ce quiz